Cambridge Primary Science: (Record no. 414)

MARC details
000 -LEADER
fixed length control field 00777nam a22002417a 4500
005 - DATE AND TIME OF LATEST TRANSACTION
control field 20230613095300.0
008 - FIXED-LENGTH DATA ELEMENTS--GENERAL INFORMATION
fixed length control field 230612b |||||||| |||| 00| 0 eng d
020 ## - INTERNATIONAL STANDARD BOOK NUMBER
International Standard Book Number 9781398301771
040 ## - CATALOGING SOURCE
Original cataloging agency KMU
Transcribing agency KMU
Modifying agency KMU
Description conventions rda
050 ## - LIBRARY OF CONGRESS CALL NUMBER
Classification number PR 149.S4
245 ## - TITLE STATEMENT
Title Cambridge Primary Science:
Remainder of title Learner's book 6/
Statement of responsibility, etc. edited by Judith Amery,Rosemary Feasey,Deborah Harridge,HellenLewis,Tara Lievesley,Andrea Mapplebeck and Hellen Ward
260 ## - PUBLICATION, DISTRIBUTION, ETC.
Place of publication, distribution, etc. United Kingdom:
Name of publisher, distributor, etc. Holder education,
Date of publication, distribution, etc. 2021.
300 ## - PHYSICAL DESCRIPTION
Extent 144 p.:
Other physical details ill.;
Dimensions 26cm
650 ## - SUBJECT ADDED ENTRY--TOPICAL TERM
Topical term or geographic name entry element Science
650 ## - SUBJECT ADDED ENTRY--TOPICAL TERM
Topical term or geographic name entry element Space
700 ## - ADDED ENTRY--PERSONAL NAME
Personal name Feasey Rosemary
700 ## - ADDED ENTRY--PERSONAL NAME
Personal name Harridge Deborah
700 ## - ADDED ENTRY--PERSONAL NAME
Personal name Lewis Hellen
700 ## - ADDED ENTRY--PERSONAL NAME
Personal name Lievesley Tara
700 ## - ADDED ENTRY--PERSONAL NAME
Personal name Mapplebeck Andrea
700 ## - ADDED ENTRY--PERSONAL NAME
Personal name Ward Hellen
942 ## - ADDED ENTRY ELEMENTS (KOHA)
Source of classification or shelving scheme Library of Congress Classification
Koha item type Non-Fiction
Edition Second Edition
Suppress in OPAC No
Holdings
Withdrawn status Lost status Source of classification or shelving scheme Damaged status Not for loan Collection Home library Current library Shelving location Date acquired Source of acquisition Total Checkouts Full call number Barcode Date last seen Date last checked out Price effective from Koha item type
    Library of Congress Classification     Non-fiction Kapasa Makasa University Kapasa Makasa University Children's Area 12.06.2023 Zambia Library Service 2 PR 149.S4 Cam 300382 15.08.2025 05.08.2025 12.06.2023 Non-Fiction
    Library of Congress Classification     Non-fiction Kapasa Makasa University Kapasa Makasa University Children's Area 12.06.2023 Zambia Library Service   PR 149.S4 Cam 300383 12.06.2023   12.06.2023 Non-Fiction
    Library of Congress Classification     Non-fiction Kapasa Makasa University Kapasa Makasa University Children's Area 12.06.2023 Zambia Library Service 2 PR 149.S4 Cam 300381 04.09.2023 31.07.2023 12.06.2023 Non-Fiction